书目信息 |
| 000 | 00436nam0 2200169 450 | |
| 001 | 0660647328 | |
| 005 | 20060810165216.17 | |
| 100 | @a20060810d km y0chiy0120 ea | |
| 101 | 0 | @achi@ceng |
| 200 | 1 | @a管理会计@Aguan li kuai ji@f李秋澄译@Fli qiu cheng yi |
| 215 | @a405页@d21cm | |
| 300 | @a大专用书 | |
| 606 | 0 | @a会计 |
| 690 | @aF234.3@v3 | |
| 701 | 0 | @a李秋澄@Ali qiu cheng@4译 |
| 801 | 0 | @aCN@bPFT@c20060810 |
| 905 | @a10447@dF234.3@e181 | |
| 管理会计/李秋澄译 |
| 405页;21cm |
| 大专用书 |
| ISBN : |
| ● |
| 相关链接 |
|
|
|
|
正题名:管理会计
索取号:F234.3/181
 
预约/预借
| 序号 | 登录号 | 条形码 | 馆藏地/架位号 | 状态 | 备注 |
| 1 | 0448509 | 204485093 | 密集书库/ [索取号:F234.3/181] | 在馆 |